000
00252nam a2200097Ia 4500
001
679843
005
20250826161330.0
008
250824s9999 xx 000 0 und d
245
0
_a
SAKLIKÖYÜN KUŞCUSU
_c
KADRİ ÖZTOPÇU
260
_b
GÜNIŞIĞI YAYINLARI
999
_c
679843
_d
679843